Statistics for Dangerous countries to travel

Click here to take the quiz!

General Stats

  • This quiz has been taken 75 times
  • The average score is 16 of 22

Answer Stats

Overall advice levelRegionAnswer% Correct
Do not travelMiddle EastSyria
94%
Do not travelAsiaAfghanistan
89%
Do not travelMiddle EastIran
86%
Do not travelMiddle EastIraq
86%
Do not travelEuropeRussia
86%
Do not travelMiddle EastYemen
86%
Do not travelEuropeUkraine
83%
Do not travelAfricaNiger
82%
Do not travelAfricaSudan
82%
Do not travelAfricaSouth Sudan
80%
Do not travelAfricaLibya
78%
Do not travelAfricaSomalia
77%
Do not travelAmericasVenezuela
77%
Do not travelAmericasHaiti
74%
Do not travelEuropeBelarus
72%
Do not travelAfricaCentral African Republic
72%
Do not travelMiddle EastLebanon
71%
Do not travelAfricaMali
71%
Do not travelAfricaChad
65%
Do not travelAsiaMyanmar
63%
Do not travelAfricaBurkina Faso
54%
Do not travelAsiaNorth Korea (Democratic People's Republic of Korea)
2%

Score Distribution

Percentile by Number Answered

Percent of People with Each Score

Your Score History

You have not taken this quiz